000
00249nam a2200109Ia 4500
008
200302s9999 xx 000 0 und d
100
_a
Alastair Service
245
_a
London 1900
260
_b
Granada Publishing Ltd.
260
_c
1979
300
_a
274 P.,
999
_c
60
_d
60